Chạm tay hóa vàng Tại sao một số doanh nhân trở nên giàu có - Còn những người khác thì không?

Đưa ra những lời khuyên về cách tạo lập và xây dựng công ty, trở thành doanh nhân thành đạt với 5 điểm chính: sức mạnh tính cách; tập trung; thương hiệu; các mối quan hệ; những điều nhỏ nhưng quan trọng...

Full description

Saved in:
Bibliographic Details
Main Author: Trump, Donald J
Other Authors: Kiyosaki, Robert T
Format: Book
Language:Undetermined
Published: Tp. Hồ Chí Minh Nxb. Trẻ 2015
Subjects:
Online Access:http://lrc.tdmu.edu.vn/opac/search/detail.asp?aID=2&ID=29385
Tags: Add Tag
No Tags, Be the first to tag this record!
Institutions: Trung tâm Học liệu Trường Đại học Thủ Dầu Một
LEADER 01204nam a2200229Ia 4500
001 TDMU_29385
008 210410s9999 xx 000 0 und d
082 |a 142.78 
090 |b TR511 
100 |a Trump, Donald J 
245 0 |a Chạm tay hóa vàng 
245 0 |b Tại sao một số doanh nhân trở nên giàu có - Còn những người khác thì không? 
245 0 |c Donald J. Trump, Robert T. Kiyosaki ; Trung Tín, Thiên Kim, Ngọc Huyền (dịch) 
260 |a Tp. Hồ Chí Minh 
260 |b Nxb. Trẻ 
260 |c 2015 
300 |a 338tr. 
520 |a  Đưa ra những lời khuyên về cách tạo lập và xây dựng công ty, trở thành doanh nhân thành đạt với 5 điểm chính: sức mạnh tính cách; tập trung; thương hiệu; các mối quan hệ; những điều nhỏ nhưng quan trọng 
650 |a Doanh nhân  |x Bí quyết thành công; Doanh nghiệp  |x Bí quyết thành công 
700 |a Kiyosaki, Robert T 
856 |u http://lrc.tdmu.edu.vn/opac/search/detail.asp?aID=2&ID=29385 
980 |a Trung tâm Học liệu Trường Đại học Thủ Dầu Một